عرض عادي
عرض مارك
- الصافي، عبد الحكيم،
مدخل إسم شخص
001 - رقم الضبط
- حقل الضبط: 98183
003 - معرف رقم الضبط
- حقل الضبط: OSt
005 - تاريخ ووقت أخر عملية
- حقل الضبط: 20220823143928.0
008 - عناصر بيانات ثابتة الطول
- حقل تحكم ثابت الطول: 220823|| aca||aabn | a|a d
040 ## - مصدر الفهرسة
- هيئة الفهرسة الأصلية: OSt
- وكالة الكتابة: OSt
100 ## - مدخل -- أسم شخص
- إسم شخص: الصافي، عبد الحكيم،
670 ## - بيانات المصدر موجوده
- الاستشهاد بالمصدر: Work cat.: (OSt)81676: أبو رياش، حسين محمد 43157, أصول استراتيجيات التعلم والتعليم :
